| 000 | 01101 a2200217 4500 | ||
|---|---|---|---|
| 005 | 20080922143126.0 | ||
| 008 | 080922t xxu||||| |||| 00| 0 hin d | ||
| 010 | _aHIN-81220 | ||
| 020 |
_a9788190565127 _c90.00 |
||
| 035 | _aHN-53566 | ||
| 037 | _bD.B.Act / Pub | ||
| 082 | _a133.53 | ||
| 245 |
_aसरल ज्योतिष ज्ञान _cसंपादक , राजेश इन्दुख्या |
||
| 246 |
_aSaral jyotish Gyan _bEd .By-Rajes Indurkhya |
||
| 260 |
_aजबलपुर _bराजेश पुस्तक भण्डार _c2007 |
||
| 270 |
_aबं. नं. 4/4-स, तीसरा रेलवे पुल मार्ग,केन्टोनमेंट _bजबलपुर |
||
| 300 |
_a52पृ _c23सेमी(सजिल्द) |
||
| 700 | _aइन्दुरख्या, राजेश | ||
| 942 |
_adpl _cHN _k133.53 / सरल _2ddc _h133.53 _mसरल |
||
| 999 |
_c8091 _d8091 |
||